Psychologický pohľad na inovačné a riadiace trendy v edukačnom procese

Inovatívne prístupy a inovácie v edukačnom procese. Profil pedagóga v rámci inovatívnej edukácie. Vplyv školského prostredia a priebehu vyučovania na konanie žiakov a ich študijné výsledky. Život mladých ľudí mimo školu.

Salvato in:
Dettagli Bibliografici
Autore principale: Soroková, Tatiana
Natura: Capitolo di libro
Lingua:slovacco
Soggetti:
Tags: Aggiungi Tag
Nessun Tag, puoi essere il primo ad aggiungerne!!

MARC

LEADER 00000naa a2200000 4500
001 0208408
005 20231127103324.8
041 0 |a slo 
044 |a SK 
245 1 0 |a Psychologický pohľad na inovačné a riadiace trendy v edukačnom procese  |c Tatiana Soroková 
520 |a Inovatívne prístupy a inovácie v edukačnom procese. Profil pedagóga v rámci inovatívnej edukácie. Vplyv školského prostredia a priebehu vyučovania na konanie žiakov a ich študijné výsledky. Život mladých ľudí mimo školu. 
610 2 0 |a školstvo 
610 2 0 |a školy 
610 2 0 |a sústava výchovno-vzdelávacia 
610 2 0 |a didaktika 
610 2 0 |a pedagogika 
610 2 0 |a inovácia 
610 2 0 |a kvalita vzdelávania 
610 2 0 |a efektívnosť vzdelávania 
610 2 0 |a učitelia 
610 2 0 |a žiaci 
610 2 0 |a študenti 
100 1 |a Soroková, Tatiana